| 000 | 00519nam a2200181zi 4500 | ||
|---|---|---|---|
| 999 |
_c25632 _d53630 |
||
| 005 | 20170529083917.0 | ||
| 020 | _a978-9961-792-79-7 | ||
| 037 |
_aBC_1420 40 _fbroch |
||
| 040 |
_aBC-ENSA _bfre |
||
| 041 | _afre | ||
| 110 | _aOffice national des statistiques | ||
| 245 |
_aPremier recensement économique 2011 _brésultats préliminaires de la première phase |
||
| 260 |
_aAlger _bONS _c2012 |
||
| 300 |
_a83 p. _bill. _c30 cm |
||
| 562 | _e01 exemplaire | ||
| 942 | _c09 | ||
| 653 | _aRECENSEMENT/ECONOMIE/ALGERIE | ||